000 00560 a2200169 4500
003 OSt
005 20231103102102.0
008 231103b |||||||| |||| 00| 0 eng d
020 _a9839154001
040 _coclc
082 _a297.15521
_bSHE/S
100 1 _aSherif, M. A.,
_d1950-
_99815
245 _aSearching for solace :
_ba biography of Abdullah Yusuf Ali, interpreter of the Qur'an /
_cM A Sherif
260 _aKaula Lumpur:
_bIslamic Book Trust.
_c2004.
300 _a314p
942 _2ddc
_cBK
_h297.15521
_iSHE/S
_k297.15521
_mSHE/S
999 _c42765
_d42765